Deutsche (Malle) Party Schlager - Statistiken

Allgemein
  • Dieses Quiz wurde 449 mal gespielt
  • Das Durchschnittsergebnis liegt bei 6 aus 10
Antwortstatistiken
Hint Antwort % Korrekt
Mama... Lauda
83%
...grün Cordula
79%
Bring mich nach ... Hause
70%
(Von Dj Robin und Schürze) Layla
70%
Dicht... Im Flieger
67%
Johnny... Däpp
59%
...verbot Insel
59%
Peter... Pan
55%
Saufen... Morgens,mittags,abends
53%
...ewigkeit Für die
22%
Keine übereinstimmenden Quizze gefunden
Verteilung der Resultate
Anzahl Personen mit jedem Resultat
Perzentil nach korrekt beantworteten Fragen
Ihre Resultats-Entwicklung
Sie haben dieses Quiz noch nicht gespielt